The official history of the Joint Intelligence Committee / (Record no. 16428)

000 -LEADER
fixed length control field 03023cam a22003974i 4500
001 - CONTROL NUMBER
control field 18061545
005 - DATE AND TIME OF LATEST TRANSACTION
control field 20170105102939.0
008 - FIXED-LENGTH DATA ELEMENTS--GENERAL INFORMATION
fixed length control field 140310s2014 enka b 001 0 eng
010 ## - LIBRARY OF CONGRESS CONTROL NUMBER
LC control number 2013050458
020 ## - INTERNATIONAL STANDARD BOOK NUMBER
International Standard Book Number 9781138925007 (paperback : v. 1)
020 ## - INTERNATIONAL STANDARD BOOK NUMBER
Canceled/invalid ISBN 9781315881560 (ebook)
040 ## - CATALOGING SOURCE
Original cataloging agency DLC
Language of cataloging eng
Description conventions rda
Transcribing agency DLC
042 ## - AUTHENTICATION CODE
Authentication code pcc
043 ## - GEOGRAPHIC AREA CODE
Geographic area code e-uk---
050 00 - LIBRARY OF CONGRESS CALL NUMBER
Classification number JN329.I6
Item number G67 2014
082 00 - DEWEY DECIMAL CLASSIFICATION NUMBER
Classification number 327.1241
Edition number 23
Author Mark GOO 2016
084 ## - OTHER CLASSIFICATION NUMBER
Classification number HIS015000
-- POL036000
-- POL012000
Number source bisacsh
100 1# - MAIN ENTRY--PERSONAL NAME
Personal name Goodman, Michael S.,
Relator term author.
245 14 - TITLE STATEMENT
Title The official history of the Joint Intelligence Committee /
Statement of responsibility, etc. Michael S. Goodman.
260 ## - PUBLICATION, DISTRIBUTION, ETC.
Place of publication, distribution, etc. New York
Name of publisher, distributor, etc. Routledge
Date of publication, distribution, etc. 2016
300 ## - PHYSICAL DESCRIPTION
Extent v. <1 > :
Other physical details illustrations ;
Dimensions 24 cm.
490 0# - SERIES STATEMENT
Series statement Whitehall histories : government official history series,
International Standard Serial Number 1474-8398
504 ## - BIBLIOGRAPHY, ETC. NOTE
Bibliography, etc. note Includes bibliographical references (v. 1, p. [450]-463) and index.
505 1# - FORMATTED CONTENTS NOTE
Formatted contents note Volume 1. From the approach of the second World War to the Suez Crisis
505 1# - FORMATTED CONTENTS NOTE
Formatted contents note v. 1. From the approach of the Second World War to the Suez Crisis
520 ## - SUMMARY, ETC.
Summary, etc. "This first volume of the Official History of the Joint Intelligence Committee draws upon a range of released and classified papers to produce the first, authoritative account of the way in which intelligence has been used to inform UK foreign policy. For more than half a century, the Joint Intelligence Committee (JIC) has been a central player in the secret machinery of the British Government, acting as broker between the intelligence agencies and the policy-makers. Since its creation, the JIC has been involved in almost every key foreign policy decision taken by the British Government. This volume covers the evolution of the JIC in 1936 and culminates with its role in the fateful events of Suez in 1956. Throughout this period the JIC was a sub-committee of the Chiefs of Staff, and this book charts its vital input into key foreign and defence policy decisions and British responses to global developments. This book will be of much interest to students of intelligence studies, British politics, international diplomacy, security studies and International Relations in general. Michael S. Goodman is Reader in Intelligence and International Affairs in the Department of War Studies, King's College London. He is author or editor of four previous books, including the Routledge Companion to Intelligence Studies (2013)"--
610 10 - SUBJECT ADDED ENTRY--CORPORATE NAME
Corporate name or jurisdiction name as entry element Great Britain.
Subordinate unit Joint Intelligence Committee
General subdivision History.
650 #0 - SUBJECT ADDED ENTRY--TOPICAL TERM
Topical term or geographic name entry element Intelligence service
Geographic subdivision Great Britain
General subdivision History
Chronological subdivision 20th century.
650 #7 - SUBJECT ADDED ENTRY--TOPICAL TERM
Topical term or geographic name entry element HISTORY / Europe / Great Britain.
Source of heading or term bisacsh
650 #7 - SUBJECT ADDED ENTRY--TOPICAL TERM
Topical term or geographic name entry element POLITICAL SCIENCE / Political Freedom & Security / Intelligence.
Source of heading or term bisacsh
650 #7 - SUBJECT ADDED ENTRY--TOPICAL TERM
Topical term or geographic name entry element POLITICAL SCIENCE / Political Freedom & Security / International Security.
Source of heading or term bisacsh
651 #0 - SUBJECT ADDED ENTRY--GEOGRAPHIC NAME
Geographic name Great Britain
General subdivision Foreign relations
Chronological subdivision 20th century.
906 ## - LOCAL DATA ELEMENT F, LDF (RLIN)
a 7
b cbc
c orignew
d 1
e ecip
f 20
g y-gencatlg
942 ## - ADDED ENTRY ELEMENTS (KOHA)
Source of classification or shelving scheme
Koha item type Book
Holdings
Withdrawn status Lost status Damaged status Not for loan Collection code Permanent Location Current Location Shelving location Date acquired Total Checkouts Full call number Barcode Date last seen Price effective from Koha item type
          Centre for International Peace & Stability (CIPS) Centre for International Peace & Stability (CIPS) General Stacks 06/30/2016   327.1241 GOO 2016 CIPS0002862 07/20/2016 01/05/2017 Book
© 2023 Central Library, National University of Sciences and Technology. All Rights Reserved.